| 000 | 00635nam a2200241Ia 4500 | ||
|---|---|---|---|
| 003 | 0100 | ||
| 008 | 130307s9999 xx 000 0 und d | ||
| 020 | _a1779220154 | ||
| 040 | _cARRUPELIB | ||
| 050 | _aHC800.C6536 2002 | ||
| 245 | _aComposing a new song | ||
| 245 | _bstories of empowerment from Africa | ||
| 260 | _aLondon | ||
| 260 | _bCommonwealth Foundation | ||
| 260 | _cc2002. | ||
| 300 | _axxv | ||
| 300 | _b177 p. 23 cm. | ||
| 650 | _aSOCIAL CONDITIONS | ||
| 650 | _bShakespeare, William | ||
| 700 | _aChigudu, Hope Bagyendera | ||
| 856 | _uhttp://www.loc.gov/catdir/toc/fy045/2004401791.html | ||
| 942 | 0 | 0 | _01 |
| 999 |
_c95800 _d95800 |
||